| Tag |
First Indicator |
Second Indicator |
Subfields |
| LEADER |
00000cas a2200000I 4500 |
| 001 |
in00000035555 |
| 005 |
20151007062033.0 |
| 008 |
751101d19561967njuar p 0 0eng |
| 010 |
|
|
|a 57034594
|
| 035 |
|
|
|a (OCoLC)ocm01762721
|
| 035 |
|
|
|a (OCoLC)01762721
|
| 035 |
|
|
|9 AAD3802AM
|
| 040 |
|
|
|a DLC
|c MUL
|d AGL
|d OCL
|d TXA
|d UtOrBLW
|
| 049 |
|
|
|a TXAM
|
| 050 |
|
0 |
|a SB211.P8
|b P78
|
| 245 |
0 |
0 |
|a Potato handbook.
|
| 264 |
|
1 |
|a New Brunswick, N.J. :
|b Potato Association of America.
|
| 300 |
|
|
|a volumes :
|b illustrations ;
|c 23 cm.
|
| 310 |
|
|
|a Annual
|
| 336 |
|
|
|a text
|b txt
|2 rdacontent
|
| 337 |
|
|
|a unmediated
|b n
|2 rdamedia
|
| 338 |
|
|
|a volume
|b nc
|2 rdacarrier
|
| 362 |
0 |
|
|a v. [1]- 1956-
|
| 362 |
1 |
|
|a Publication discontinued with volume 12, 1967.
|
| 650 |
|
0 |
|a Potatoes.
|
| 710 |
2 |
|
|a Potato Association of America.
|
| 994 |
|
|
|a E0
|b TXA
|
| 999 |
|
|
|a MARS
|
| 999 |
f |
f |
|s c4b6a0d3-2537-3983-9652-c1ea51d5d60a
|i d4959319-875d-3d34-be8f-6b40f6cc85c1
|t 0
|
| 952 |
f |
f |
|p ric
|a Texas A&M University
|b Rellis Campus
|c Joint Library Facility
|d Remote Storage
|t 0
|e SB211.P8 P78
|h Library of Congress classification
|i unmediated -- volume
|l 1956-1964
|m A14828835117
|
| 952 |
f |
f |
|p ric
|a Texas A&M University
|b Rellis Campus
|c Joint Library Facility
|d Remote Storage
|t 0
|e SB211.P8 P78
|h Library of Congress classification
|i unmediated -- volume
|l 1965
|m A14829032885
|
| 998 |
f |
f |
|a SB211.P8 P78
|s 1956-1965
|t 0
|l Remote Storage
|